| 000 | 01055nam a22002657a 4500 | ||
|---|---|---|---|
| 005 | 20170124102925.0 | ||
| 010 | _aA-576295 | ||
| 020 | _c60.00 | ||
| 035 | _aA-576295 | ||
| 037 | _bCen Lib/Ret | ||
| 040 |
_aDPL _bHN |
||
| 082 |
_a821.08 _bपुरीउ |
||
| 100 |
_aपुरी, उषा _943402 |
||
| 245 |
_aब्रज-भाषा काव्य में राधा / _cउषा पुरी |
||
| 246 |
_aBraj bhasha kavye me radha _bby Usha Puri |
||
| 260 |
_bमौलिक साहित्य प्रकाशन _aदिल्ली _c1990 |
||
| 270 |
_a162, डी कमला नगर _bदिल्ली _e110007 |
||
| 300 |
_a128पृ. _c20सेमी (सजिल्द) |
||
| 500 | _aअनुक्रमणिका भी शामिल | ||
| 650 |
_aहिंदी साहित्य _943403 |
||
| 650 |
_aहिंदी -- काव्य _943404 |
||
| 650 |
_aHindi Literature _943405 |
||
| 650 |
_aHindi -- poem _943406 |
||
| 942 |
_2ddc _cHN _h821.08 _mपुरीउ |
||
| 999 |
_c111546 _d111546 |
||